| 000 -LEADER |
| fixed length control field |
00328cam a22001217a 4500 |
| 008 - FIXED-LENGTH DATA ELEMENTS--GENERAL INFORMATION |
| fixed length control field |
180718b1957 xxu||||| |||| 00| 0 eng d |
| 082 ## - DEWEY DECIMAL CLASSIFICATION NUMBER |
| Classification number |
A7x47 H88/1 |
| 100 ## - MAIN ENTRY--PERSONAL NAME |
| Personal name |
Fitzsimmons,Thomas |
| 245 ## - TITLE STATEMENT |
| Title |
Rsfsr |
| Statement of responsibility, etc. |
by Thomas Fitzsimmons, |
| 260 ## - PUBLICATION, DISTRIBUTION, ETC. |
| Place of publication, distribution, etc. |
New Haven |
| Name of publisher, distributor, etc. |
Human Relation |
| Date of publication, distribution, etc. |
1957 |
| 300 ## - PHYSICAL DESCRIPTION |
| Extent |
v1.310p |
| 440 ## - SERIES STATEMENT/ADDED ENTRY--TITLE |
| Title |
Country Survey Series |